Vista normal Vista MARC

Entrada Materia (personas)

Número de registros utilizados en: 1

001 - CONTROL NUMBER

  • control field: 178028

003 - CONTROL NUMBER IDENTIFIER

  • control field: Co-BoUCM

005 - DATE AND TIME OF LATEST TRANSACTION

  • control field: 20230630123046.0

008 - FIXED-LENGTH DATA ELEMENTS

  • fixed length control field: 230630|| aca||aabn | a|a d

040 ## - CATALOGING SOURCE

  • Original cataloging agency: Co-BoUCM
  • Transcribing agency: Co-BoUCM

100 ## - HEADING--PERSONAL NAME

  • Personal name: Chiusano, Paul

670 ## - SOURCE DATA FOUND

  • Source citation: Work cat.: (Co-BoUCM): Pilquist, Michael 178024, Functional programming is scala/ , 2015